LEADER 01261nam a2200277 i 4500 001 000000229335 003 CaOOAMICUS 005 20240509125706.0 008 140507s1839 it u000 u lat u 013 $a208237 040 $aSeMil$bita 100 0 $aHieronymus,$c.$0(OLS)http://semarc/name/471 245 10$aSancti Hieronymi stridoniensis Epistolae selectae, juxta editionem d. Petri Canisii ... cum rerum et verborum indice . 250 $aEditio nova. 264 1$aVesontione :$bApud Marquiset,$c1839. 300 $aIII, 350 p. , 21 cm. 650 4$aGirolamo - Lettere e carteggi.$0(OLS)http://semarc/subject/34344 700 1 $aPietro : Canisio .$0(OLS)http://semarc/name/420 850 $aSeMil 852 $aSeMil$W1$xVenegono$y1$m2T II 22 FA$j179681$B179681$CSeMilBibl$Z2$F190798 $8I 900 0 $aGirolamo$c. 961 $aRecupero: Seminario del Duomo 996 $6245$aSancti Hieronymi stridoniensis Epistolae selectae, juxta editionem d. Petri Canisii ... cum rerum et verborum indice .$9(OLS)http://semarc/title/328064 996 $6264$aVesontione :$bApud Marquiset$9(OLS)http://semarc/publisher/53709 LEADER 01586nam a2200253 i 4500 001 000000027383 003 CaOOAMICUS 005 20251010142514.0 008 180830s1819 it u000 u ita u 040 $aSeMil$bita 100 1 $aAntoine, Paul-Gabriel,$c.$0(OLS)http://semarc/name/89964 245 10$aCompendio di tutta la teologia morale del padre Paolo Gabriele Antoine ..., e delle illustrazioni del padre Filippo da Carbognano ... Dalla lingua latina tradotto nella lingua italiana; ed accresciuto nuovamente con varie notabili aggiunte. 260 $aIn Venezia :$bNella stamperia Baglioni,$c1819. 300 $a2 v. ;$c8°. 500 $aMarca tip. sui front.: Aquila bicipite con una corona tra le due teste. In una cornice figurata. (Repertorio consultato: Marte, BNC Roma) 650 4$aTeologia morale - Manuali.$0(OLS)http://semarc/subject/610 700 0 $aFilippo : da Carbognano,$d.$0(OLS)http://semarc/name/12435 700 1 $aStaidel, Bonaventura,$c.$0(OLS)http://semarc/name/89963 700 1 $aBaglioni,$c.$0(OLS)http://semarc/name/475 774 0 $tTomo 1.$g1$w()48739 774 0 $tTomo 2.$g2$w()217524 996 $6245$aCompendio di tutta la teologia morale del padre Paolo Gabriele Antoine ..., e delle illustrazioni del padre Filippo da Carbognano ... Dalla lingua latina tradotto nella lingua italiana; ed accresciuto nuovamente con varie notabili aggiunte$9(OLS)http://semarc/title/37066 996 $6260$aIn Venezia :$bNella stamperia Baglioni$9(OLS)http://semarc/publisher/33717